Historia natural : (Record no. 80159)

MARC details
000 -LEADER
campo de control de longitud fija 00966nam a2200217 i 4500
001 - NÚMERO DE CONTROL
campo de control 80159
003 - IDENTIFICADOR DE NÚMERO DE CONTROL
campo de control ES-MaACL
005 - FECHA Y HORA DE LA ÚLTIMA TRANSACCIÓN
campo de control 20230906174139.0
007 - CAMPO FIJO DE DESCRIPCIÓN FÍSICA--INFORMACIÓN GENERAL
campo de control de longitud fija t|
008 - DATOS DE LONGITUD FIJA--INFORMACIÓN GENERAL
campo de control de longitud fija 041026s1988 sp ||||1| spa d
020 ## - NÚMERO INTERNACIONAL ESTÁNDAR DEL LIBRO
Número Internacional Estándar del Libro 84-00-06826-2
245 00 - MENCIÓN DEL TÍTULO
Título Historia natural :
Resto del título catálogo ilustrado : siglos XVIII y XIX /
Mención de responsabilidad, etc. Alberto Gomis ... [et al.].
260 ## - PUBLICACIÓN, DISTRIBUCIÓN, ETC.
Lugar de publicación, distribución, etc. Madrid :
Nombre del editor, distribuidor, etc. Ministerio de Educación y Ciencia, Dirección General de Investigación Científica y Técnica :
-- Consejo Superior de Investigaciones Científicas, Real Jardín Botánico,
Fecha de publicación, distribución, etc. 1988.
300 ## - DESCRIPCIÓN FÍSICA
Extensión XV, 223 p. :
Otras características físicas il. ;
Dimensiones 27 cm.
504 ## - NOTA DE BIBLIOGRAFÍA, ETC.
Nota de bibliografía, etc. Bibliografía: p. XV.
594 ## - Nota al título y mención de responsabilidad
Nota al título y mención de responsabilidad Publ. con motivo de la exposición: La historia natural ilustrada, celebrada en el Real Jardín Botánico, del 25 de mayo al 30 de junio de 1988.
650 #4 - PUNTO DE ACCESO ADICIONAL DE MATERIA--TÉRMINO DE MATERIA
Término de materia o nombre geográfico como elemento de entrada Ciencias naturales-
Subdivisión de forma Bibliografías.
9 (RLIN) 170982
700 1# - ENTRADA AGREGADA--NOMBRE PERSONAL
Nombre de persona Gomis, Alberto.
9 (RLIN) 58206
710 2# - ENTRADA AGREGADA--NOMBRE DE ENTIDAD CORPORATIVA
Nombre de entidad corporativa o nombre de jurisdicción como elemento de entrada Real Jardín Botánico.
9 (RLIN) 6359
852 ## - LOCALIZACIÓN
Ubicación ES-MaACL
Número de control de estantería L-12281
Holdings
Estatus retirado Estado de pérdida Estado de daño No para préstamo Biblioteca de origen Biblioteca actual Ubicación en estantería Fecha de adquisición Fuente de adquisición Total de préstamos Signatura topográfica completa Código de barras Visto por última vez Precio de reemplazo Tipo de ítem Koha
        Biblioteca del Ateneo de Madrid Biblioteca del Ateneo de Madrid Depósito 2 17/01/2008     L-12281 1083810 23/02/2023 23/02/2023 Libro impreso